| 000 | 00529nam a22001937a 4500 | ||
|---|---|---|---|
| 005 | 20250205074521.0 | ||
| 008 | 250205b |||||||| |||| 00| 0 eng d | ||
| 020 | _a978-1-915508-98-0 | ||
| 082 | _a662.6 D725 2023 | ||
| 100 | _aDotson, Lewis | ||
| 245 |
_aFuel and combustion / _cLewis Dotson |
||
| 260 |
_aLondon: _bBrilliance Publications, _cc2023 |
||
| 300 |
_axvi, 275p.: _bill. |
||
| 504 | _aIncludes bibliographies and index | ||
| 541 | _e7746 c.1 | ||
| 650 | _aFuel | ||
| 650 | _aCombustion | ||
| 650 | _aEnery resources | ||
| 999 |
_c2387 _d2387 |
||